A descriptive analysis of the process of play therapy /

Bibliographic Details
Main Author: Withee, Kathleen Louise
Format: Thesis Book
Language:English
Published: [Place of publication not identified] : [publisher not identified] ; 1975.
Subjects:

MARC

Tag First Indicator Second Indicator Subfields
LEADER 00000cam a2200000 a 4500
001 in00000070538
005 20151008061809.0
008 760601r19811975miuk ab 00010 eng d
035 |a (OCoLC)02204796 
035 |9 AAJ8845AM 
040 |a INT  |c INT  |d TXA  |d UtOrBLW 
049 |a TXAM  |c [387013] 
090 |a RJ505.P6  |b W5 
100 1 |a Withee, Kathleen Louise. 
245 1 2 |a A descriptive analysis of the process of play therapy /  |c by Kathleen Louise Withee. 
264 1 |a [Place of publication not identified] :  |b [publisher not identified] ;  |c 1975. 
300 |a v, 152 leaves :  |b forms. 
336 |a text  |b txt  |2 rdacontent 
337 |a microform  |b h  |2 rdamedia 
338 |a microfilm reel  |b hd  |2 rdacarrier 
500 |a Photocopy. Ann Arbor, Mich. : University Microfilms International. 21 cm. 
502 |b Ph.D.  |c North Texas State University  |d 1975. 
504 |a Bibliography: leaves 150-152. 
500 |a Microform. 
650 0 |a Play therapy. 
999 |a MARS 
999 f f |s 1cd122cb-d8bf-39ff-9c7a-bea7e85e7f0d  |i 98f239af-b1ad-30ac-85f2-cd955c0c9f98  |t 0 
952 f f |p ric  |a Texas A&M University  |b Rellis Campus  |c Joint Library Facility  |d Remote Storage  |t 0  |e RJ505.P6 W5  |h Library of Congress classification  |i microform -- microfilm reel  |m A14806232513 
998 f f |a RJ505.P6 W5  |t 0  |l Remote Storage